| 000 | 00393nam a2200169Ia 4500 | ||
|---|---|---|---|
| 008 | 230524s9999 xx 000 0 und d | ||
| 020 | _a9780071074391 | ||
| 082 | _bLIN | ||
| 100 | _a"Lingaiah, K" | ||
| 245 | 0 | _aMachine Design Data Book | |
| 250 | _a2 | ||
| 260 |
_aNew Delhi _bTMH _c2010 |
||
| 300 | _a1.1;1.26p. | ||
| 500 | _aQuantity Number: 2 | ||
| 650 | _aMechanics | ||
| 942 | _cBK | ||
| 999 |
_c53467 _d53467 |
||